00624 2200229 4500001002100000005001700021008004100038020002200079035002400101082001000125084001600135100001700151245007100168250001100239260003800250300003700288650001000325700001300335850001200348990001700360990001700377INLIS00000000002252820160913092454.0  a978-979-911-419-8 0010-091600000000300 a135.3 a135.3 Suh J aSuhu Liu Wei aJackpot Dreams / Suhu Liu Wei ; penyunting, TriwantocSuhu Liu Wie aCet. 1 aYogyakartabMedia Pressindoc2014 axii, 175 hlm.b: ilus.c; 17 cm. aMimpi aTriwanto aYOPDYOG a3177-KS/B.15 a3178-KS/B.15